Symposium on flower regulation in florist crops
Saved in:
| 主要作者: | |
|---|---|
| 格式: | 圖書 |
| 語言: | 英语 |
| 出版: |
La Haya
ISHS
1969
|
| 叢編: | Acta horticulturae, 14
|
| 主題: | |
| 標簽: |
添加標簽
沒有標簽, 成為第一個標記此記錄!
|
MARC
| LEADER | 00000nam a2200000 a 4500 | ||
|---|---|---|---|
| 001 | UCY1966 | ||
| 003 | CL-VaPUC | ||
| 005 | 20211204074437.0 | ||
| 008 | 940930e19690000ne 1 eng d | ||
| 082 | 0 | 4 | |a 635.9 |b STR |2 21 |
| 100 | 1 | |a Stromme, E |e author |9 617072 | |
| 245 | 1 | 0 | |a Symposium on flower regulation in florist crops |
| 260 | |a La Haya |b ISHS |c 1969 | ||
| 300 | |a 259 p | ||
| 490 | 0 | |a Acta horticulturae, 14 | |
| 583 | |a last modification |c 19940930 00:00:00 |k Rodrigo Vera | ||
| 650 | 0 | 0 | |a Floricultura |9 264401 |
| 942 | |c BK | ||
| 945 | |a mfernand |d 19940930 00:00:00 | ||
| 546 | |a En Inglés | ||
| 518 | |p Symposium on Flower Regulation in Florist Crops, Vollebakk, Norway, 1968 | ||
| 999 | |c 382286 |d 382284 | ||